| 000 | 01254nam a2200265Ia 4500 | ||
|---|---|---|---|
| 999 |
_c51489 _d51489 |
||
| 001 | 18475 | ||
| 003 | GE_BSU | ||
| 005 | 20231024164148.0 | ||
| 008 | 181216s2010||||ge |||||||||||||| ||geo|| | ||
| 040 | _cGE_BSU | ||
| 041 | _ageo | ||
| 080 | _a654.197 ო-51 | ||
| 100 |
_aორმოცაძე, ბესარიონ _920226 |
||
| 245 |
_aოპერატორი სატელევიზიო სივრცეში / _cბესარიონ ორმოცაძე; [რედ. ლიანა ჩარკვიანი; წინათქმა ნინო მეგრელიშვილი]. |
||
| 264 |
_aთბილისი, _c2010. |
||
| 300 |
_a201გვ. : _bნახ., ცხრ., ფოტ. ; _c20 სმ. |
||
| 300 | _eბიბლიოგრ.: გვ. 201 | ||
| 500 | _aგარეკანის მხატვ. ილიკო ფოფხაძე. | ||
| 504 | _a ბიბლიოგრ.: გვ. 201. | ||
| 541 | _h38 ლ. | ||
| 653 | _aტელეოპერატორი | ||
| 700 |
_aჩარკვიანი, ლიანა _eრედაქტორი _920227 |
||
| 700 |
_aმეგრელიშვილი, ნინო _eწინათქმა. _920228 |
||
| 942 |
_cBK _2udc |
||